000 01096nam a2200253 a 4500
001 000010688
005 20240412074220.0
008 091009s2000 dr r 000 p fre d
020 _a2841092410
040 _aDO-SdBNP
_bfre
_cBNPHU
082 _aRD861.44
_bM676d
245 0 0 _aMiroirs de la Caribe :
_bdouze poetes de Saint-Domingue /
_cselección José Rafael Lantigua ; traducción Délia Blanco ... [et. al.].
260 _aSanto Domingo :
_b[s.n.] ,
_c2000.
300 _a140 p. ;
_c17 cm.
490 1 _aLe temps des cerises
505 0 _aSoledad Alvarez --
_tTony Raful --
_tJeannette Miller --
_tAlexis Gomez Rosa --
_tJosé Marmol --
_tAdrian Javier --
_tAngela Hernandez Nuñez --
_tDionisios de Jesus
_tJosé Alejandro Peña --
_tFernando Cabrera --
_tJosé Acosta --
_tBasilio Billiard .
590 _aInventariado, 2018/BT
650 0 _aPoesía dominicana
_966
650 0 _aLiteratura dominicana.
_967
700 1 2 _aLantigua, José Rafael,
_d1949-
_91438
700 1 2 _aBlanco, Delia
_etrad.
_924662
830 0 _aLe temps des cerises
_925883
910 _aValidado. Control de calidad. MFF
999 _c10443
_d10443